| 000 | 00807nam a2200253Ia 4500 | ||
|---|---|---|---|
| 003 | OSt | ||
| 005 | 20221005092706.0 | ||
| 006 | a|||||r|||| 00| 0 | ||
| 007 | ta | ||
| 008 | 221004b |||||||| |||| 00| 0 eng d | ||
| 020 |
_a9780743291774 (hbk) _c995 |
||
| 024 | _a102308 | ||
| 037 |
_b148, 20/02/2010, Standard Book House _cTextual |
||
| 040 |
_aCRL _cCRL _beng |
||
| 041 |
_2eng _aeng |
||
| 082 | _aMD5124.73, P8 | ||
| 100 |
_aLeerhsen Charles _9617655 |
||
| 245 | 0 |
_aCrazy good _bThe true story of dan patch the most famous horse in America |
|
| 260 |
_aNew York _bSimon & Schuster USA _c2008 |
||
| 300 |
_a355p. _ccm. |
||
| 650 |
_aHORSEMANSHIP _9617656 |
||
| 942 |
_hMD5124.73, P8 _cTEXL _2cc |
||
| 999 |
_c999234 _d999234 |
||